The secret of the Mooncastle, 10

Bibliographic Details
Format: Book
Published: Kuala Lumpur : Penerbitan Fargoes , 2005
Series:Non-stop mystery series
Subjects:

MARC

LEADER 00000cam a2200000 7i4500
001 0000002339
005 20151222.0
008 070711
020 |a 9831284313 
090 0 0 |a JF   |b ENG 
245 1 4 |a The secret of the Mooncastle, 10 
260 |a Kuala Lumpur :   |b Penerbitan Fargoes ,   |c 2005 
440 |a Non-stop mystery series 
500 |a Children ages 10-12 years old (pink) 
650 0 |a Adventure 
650 0 |a Junior fiction   |x English   |x Languages 
999 |a 0000967277   |b Book   |c Children Collection   |e Cawangan Kota Tinggi 
999 |a 0000967278   |b Book   |c Children Collection   |e Cawangan Segamat 
999 |a 0000967279   |b Book   |c Children Collection   |e Cawangan Taman Universiti 
999 |a 0000967280   |b Book   |c Children Collection   |e Cawangan Kota Tinggi 
999 |a 0000969432   |b Book   |c Children Collection   |e Cawangan Batu Pahat 
999 |a 0001044974   |b Book   |c Children Collection   |e Cawangan Batu Pahat 
999 |a 0001163641   |b Book   |c Children Collection   |e Cawangan Bandar Penawar 
999 |a 0001163644   |b Book   |c Children Collection   |e Cawangan Taman Universiti 
999 |a 0001163645   |b Book   |c Teenagers   |e Cawangan Bandar Tenggara 
999 |a 0001163647   |b Book   |c Children Collection   |e Cawangan Tangkak 
999 |a 0001163648   |b Book   |c Children Collection   |e Cawangan Segamat 
999 |a 0001163649   |b Book   |c Children Collection   |e Cawangan Tmn. Ungku Tun Aminah 
999 |a 0001163652   |b Book   |c Children Collection   |e Cawangan Mersing 
999 |a 0001163653   |b Book   |c Children Collection   |e Cawangan Pontian